Measure Of Man & Women: Human Factors In Design (Record no. 369468)

MARC details
000 -LEADER
fixed length control field 00388 a2200145 4500
005 - DATE AND TIME OF LATEST TRANSACTION
control field 20260310170606.0
008 - FIXED-LENGTH DATA ELEMENTS--GENERAL INFORMATION
fixed length control field 251223b |||||||| |||| 00| 0 eng d
020 ## - INTERNATIONAL STANDARD BOOK NUMBER
International Standard Book Number 9780471099550
082 ## - DEWEY DECIMAL CLASSIFICATION NUMBER
Classification number 720.22/TIL
100 ## - MAIN ENTRY--PERSONAL NAME
Author Tilley A R
245 ## - TITLE STATEMENT
Title Measure Of Man & Women: Human Factors In Design
260 ## - PUBLICATION, DISTRIBUTION, ETC.
Name of publisher, distributor, etc. John Wiley & Sons
Date of publication, distribution, etc. 2002
Place of publication, distribution, etc. New York
300 ## - PHYSICAL DESCRIPTION
Extent 98p
Other physical details HB
942 ## - ADDED ENTRY ELEMENTS (KOHA)
Koha item type DS Books
Holdings
Withdrawn status Lost status Source of classification or shelving scheme Damaged status Not for loan Home library Current library Date acquired Vendor Net Price Total Checkouts Full call number Barcode Date last seen Date last checked out Actual Price Bill Date Koha item type
    Dewey Decimal Classification     Dr. Bhanuben Nanavati College of Architecture Dr. Bhanuben Nanavati College of Architecture 23/12/2025 213 5460.40 1 720.22/TIL BNCA-DS-153 25/02/2026 17/02/2026 8030.00 12/12/2025 DS Books